LEADER 02571nam 2200505 450 001 9910787264903321 005 20231110222032.0 010 $a2-8062-2077-7 035 $a(CKB)3710000000306857 035 $a(EBL)1869919 035 $a(MiAaPQ)EBC1869919 035 $a(Au-PeEL)EBL1869919 035 $a(OCoLC)897070719 035 $a(PPN)188688595 035 $a(EXLCZ)993710000000306857 100 $a20220519d2014 uy 1 101 0 $afre 135 $aur|n|---||||| 181 $ctxt$2rdacontent 182 $cc$2rdamedia 183 $acr$2rdacarrier 200 13$aL' Appel de la foret de Jack London (Aanalyse de L'oeuvre) $eComprendre la Litterature Avec LePetitLitteraire. fr /$fElena Pinaud, Noemie Lohay 210 1$aCork, Ireland :$cLemaitre Publishing,$d[2014] 210 4$dİ2014 215 $a1 online resource (28 p.) 225 1 $aFiche de Lecture 300 $aDescription based upon print version of record. 311 $a2-8062-1317-7 327 $a1. Re?sume?; La loi primitive; La loi du ba?ton et de la dent; Buck prend le commandement; Les fatigues du harnais et de la route; Amitie?; L'appel re?sonne; 2. e?tude des personnages; Buck; Spitz; Dave et Sol-leck; Perrault et Franc?ois; Manoe?l; Hal, Charles et Merce?de?s; Jack Thornton; 3. Cle?s de lecture; L'e?pigraphe; Humanite? et animalite?; L'instinct; La me?taphore du Nord; 4. Pistes de re?flexion; 5. Informations comple?mentaires 330 $a Tout ce qu'il faut savoir sur L'Appel de la fore?t de Jack London ! Retrouvez l'essentiel de l'?uvre dans une fiche de lecture comple?te et de?taille?e, avec un re?sume?, une e?tude des personnages, des cle?s de lecture et des pistes de re?flexion. Re?dige?e de manie?re claire et accessible, la fiche de lecture propose d'abord un re?sume? partie par partie du roman, puis s'inte?resse tout particulie?rement au personnage de Buck, le chien-loup au centre du livre. On e?tudie ensuite notamment les the?matiques l'humanite? et de l'animalite?, de l'instinct, et du grand Nord. Enfin, les pistes de re?flexion, sous form 410 0$aFiche de Lecture 606 $aDogs$vFiction 606 $aSled dogs$vFiction 615 0$aDogs 615 0$aSled dogs 676 $a636.7 700 $aPinaud$b Elena$0849023 702 $aLohay$b Noemie 801 0$bMiAaPQ 801 1$bMiAaPQ 801 2$bMiAaPQ 906 $aBOOK 912 $a9910787264903321 996 $aL' Appel de la foret de Jack London (Aanalyse de L'oeuvre)$93779087 997 $aUNINA LEADER 03407nam 22007935 450 001 9910255010203321 005 20251226195936.0 010 $a3-662-49283-0 024 7 $a10.1007/978-3-662-49283-3 035 $a(CKB)3710000000580303 035 $a(SSID)ssj0001616577 035 $a(PQKBManifestationID)16348114 035 $a(PQKBTitleCode)TC0001616577 035 $a(PQKBWorkID)14920218 035 $a(PQKB)11541837 035 $a(DE-He213)978-3-662-49283-3 035 $a(MiAaPQ)EBC5585179 035 $a(PPN)191706280 035 $a(EXLCZ)993710000000580303 100 $a20160113d2016 u| 0 101 0 $aeng 135 $aurnn|008mamaa 181 $ctxt 182 $cc 183 $acr 200 10$aComputer Engineering and Technology $e19th CCF Conference, NCCET 2015, Hefei, China, October 18-20, 2015, Revised Selected Papers /$fedited by Weixia Xu, Liquan Xiao, Jinwen Li, Chengyi Zhang 205 $a1st ed. 2016. 210 1$aBerlin, Heidelberg :$cSpringer Berlin Heidelberg :$cImprint: Springer,$d2016. 215 $a1 online resource (XII, 191 p. 91 illus.) 225 1 $aCommunications in Computer and Information Science,$x1865-0937 ;$v592 300 $aBibliographic Level Mode of Issuance: Monograph 311 08$a3-662-49282-2 320 $aIncludes bibliographical references and index. 330 $aThis book constitutes the refereed proceedings of the 19th CCF Conference on Computer Engineering and Technology, NCCET 2015, held in Hefei, China, in October 2015. The 18 papers presented were carefully reviewed and selected from 158 submissions. They are organized in topical sections on processor architecture; application specific processors; computer application and software optimization; technology on the horizon. 410 0$aCommunications in Computer and Information Science,$x1865-0937 ;$v592 606 $aMicroprocessors 606 $aComputer architecture 606 $aComputers, Special purpose 606 $aComputer systems 606 $aElectronic digital computers$xEvaluation 606 $aComputer input-output equipment 606 $aProcessor Architectures 606 $aSpecial Purpose and Application-Based Systems 606 $aComputer System Implementation 606 $aSystem Performance and Evaluation 606 $aInput/Output and Data Communications 615 0$aMicroprocessors. 615 0$aComputer architecture. 615 0$aComputers, Special purpose. 615 0$aComputer systems. 615 0$aElectronic digital computers$xEvaluation. 615 0$aComputer input-output equipment. 615 14$aProcessor Architectures. 615 24$aSpecial Purpose and Application-Based Systems. 615 24$aComputer System Implementation. 615 24$aSystem Performance and Evaluation. 615 24$aInput/Output and Data Communications. 676 $a004 702 $aXu$b Weixia$4edt$4http://id.loc.gov/vocabulary/relators/edt 702 $aXiao$b Liquan$4edt$4http://id.loc.gov/vocabulary/relators/edt 702 $aLi$b Jinwen$4edt$4http://id.loc.gov/vocabulary/relators/edt 702 $aZhang$b Chengyi$4edt$4http://id.loc.gov/vocabulary/relators/edt 801 0$bMiAaPQ 801 1$bMiAaPQ 801 2$bMiAaPQ 906 $aBOOK 912 $a9910255010203321 996 $aComputer Engineering and Technology$91939209 997 $aUNINA